[Event "Akron Cardinal op"]
[Site "Akron"]
[Date "2023.02.04"]
[Round "3"]
[White "Ren, Jesse"]
[Black "Corrales Jimenez, Fidel"]
[Result "0-1"]
[WhiteElo "1991"]
[BlackElo "2487"]
[PlyCount "78"]
[EventDate "2023.02.03"]
[EventType "swiss"]
[EventRounds "5"]
[EventCountry "USA"]
[SourceTitle "CBM 212 Extra"]
[Source "ChessBase"]
[SourceDate "2023.03.31"]
[SourceVersion "1"]
[SourceVersionDate "2023.03.31"]
[SourceQuality "1"]

1. d4 Nf6 2. Bf4 g6 3. Nc3 d5 4. Qd2 Bg7 5. Bh6 Bxh6 6. Qxh6 Qd6 7. Nf3 Nc6 8. Qd2 Bg4 9. e3 Bxf3 10. gxf3 a6 11. Be2 e5 12. dxe5 Qxe5 13. f4 Qe6 14. 0-0-0 0-0-0 15. Bd3 d4 16. exd4 Nxd4 17. Qe3 Ng4 18. Qg3 f5 19. Rhe1 Qc6 20. Be4 Qc5 21. Rd2 Rd6 22. Red1 Rhd8 23. Bd5 Nb5 24. Ne4 fxe4 25. Be6+ Kb8 26. Rxd6 Rxd6 27. Bxg4 Nd4 28. c3 Qc4 29. Kb1 Nf5 30. Qg1 Rxd1+ 31. Bxd1 Qd3+ 32. Ka1 Qd2 33. Bb3 Qxf4 34. a3 g5 35. Qg2 h5 36. Bc2 e3 37. fxe3 Nxe3 38. Qd2 Nxc2+ 39. Qxc2 g4 0-1

[Event "PNWCC Super G60 Feb Gp2"]
[Site "Chess.com INT"]
[Date "2021.02.27"]
[Round "3"]
[White "Estrada Nieto, Julian"]
[Black "Ren, Jesse"]
[Result "1/2-1/2"]
[WhiteElo "2280"]
[BlackElo "1597"]
[PlyCount "41"]
[EventDate "2021.02.27"]
[EventType "swiss"]
[EventRounds "6"]
[EventCountry "USA"]
[SourceTitle "CBM 200 Extra"]
[Source "ChessBase"]
[SourceDate "2021.03.31"]
[SourceVersion "1"]
[SourceVersionDate "2021.03.31"]
[SourceQuality "1"]

1. d4 d5 2. Nf3 Nf6 3. Bf4 e6 4. e3 Bd6 5. Bg3 Bxg3 6. hxg3 Nbd7 7. c4 dxc4 8. Bxc4 b6 9. Nc3 Bb7 10. Qc2 c5 11. Rd1 cxd4 12. Rxd4 Qe7 13. g4 Rc8 14. g5 Nd5 15. Rxh7 Rxh7 16. Qxh7 Nxc3 17. bxc3 Bxf3 18. gxf3 Qxg5 19. f4 Qg1+ 20. Ke2 Qg4+ 21. Kf1 1/2-1/2